000
00348 a2200169 4500
001
191357
020
_a
85-7153-098-X
040
_c
Magnum
100
_a
Naveira, Raquel
240
1
0
_a
Pelo de jambo
_l
por
245
1
0
_a
Pelo de jambo
300
_a
52
362
0
_a
1996
440
1
_a
RHJ
697
_a
LITERATURA INFANTO-JUVENIL
942
_c
BK
999
_c
191357
_d
191357